000 00230nam a2200085Ia 4500
245 0 _aInformation is beautiful
100 _a McCandless, David London, 2009
_976596
942 _cBK
008 210817s9999 xx 000 0 und d
999 _c258474
_d258473